| 000 | 00596nam a2200217Ia 4500 | ||
|---|---|---|---|
| 003 | 0100 | ||
| 008 | 130227s9999 xx 000 0 und d | ||
| 040 | _cARRUPELIB | ||
| 050 | _aBR563.N4S64 1988 | ||
| 100 | _aSobel, Mechal | ||
| 245 | _aTrabelin' On | ||
| 260 | _aPrinceton | ||
| 260 | _bPrinceton University Press | ||
| 260 | _C1988 | ||
| 300 | _axxv | ||
| 300 | _b 317p. 24cm. | ||
| 650 | _bBible - Criticism, interpretation, etc - History - 20th century | ||
| 650 | _cJesus Christ - History of doctrines - 20th century | ||
| 650 | _dTeilhard de Chardin, Pierre | ||
| 942 |
_2lcc _01 |
||
| 999 |
_c2752 _d2752 |
||